Normas de Informacin̤ Financiera (NIF) 2015

Bibliographic Details
Corporate Author: Instituto Mexicano de Contadores Pb︢licos
Format: eBook
Language:Spanish
Published: [s.l.] : Instituto Mexicano de Contadores Pb︢licos, 2015
Subjects:
Online Access:Acceso restringido

MARC

LEADER 00000nam a22000007a 4500
005 20150129120647.0
007 cr|||| ||||
008 150129s2015 mx |||||s|||| 00||0 spa d
020 |a 978-607-8384-17-4 
035 |a 12560 
040 |a vLex 
090 |c 5320  |d 5320 
245 0 0 |a Normas de Informacin̤ Financiera (NIF) 2015  |h [Recurso electrn̤ico]  
256 |a Servicio en ln̕ea  
260 |a [s.l.] :  |b Instituto Mexicano de Contadores Pb︢licos,  |c 2015 
300 |a 1 recurso electrn̤ico 
506 1 |a Contenido solo disponible en los productos indicados  |d vLex Global  |d vLex Global (Academic Edition, excluding Law Schools)  |d vLex Global (U.S. Academic Edition, Law Schools)  |d vLex Global (U.S. Academic Edition, excluding Law Schools)  |d vLex Global (Academic Edition, Law Schools) 
650 0 4 |a Derecho financiero  |z Mx̌ico 
710 2 |a Instituto Mexicano de Contadores Pb︢licos 
740 0 |a vLex Libros (Servicio en ln̕ea) 
856 4 0 |u http://vlex.com/source/normas-informacion-financiera-nif-2015-12560  |z Acceso restringido 
942 |c BOOK 
999 0 |a Finance--Law and legislation